[Event "1st Goa GM Open 2018"]
[Site "Taleigao"]
[Date "2018.10.13"]
[Round "1"]
[White "Manish Anto Cristiano F"]
[Black "Sivuk, Vitaly"]
[Result "0-1"]
[WhiteElo "1961"]
[BlackElo "2545"]
[Annotator "TA"]
[PlyCount "104"]
[EventDate "2018.10.13"]
[EventType "swiss"]
[EventCountry "IND"]
[SourceTitle "playchess.com"]
[Source "ChessBase"]
[SourceQuality "1"]

{[%evp 21,104,3,0,2,10,14,52,25,50,11,56,25,33,37,29,22,18,6,45,26,22,0,86,85,66,-4,0,-25,-7,-110,-110,-110,-110,-110,-121,-114,-103,-103,-103,-103,-103,-103,-112,-119,-103,-214,-225,-225,-224,-216,-220,-317,-313,-300,-284,-352,-306,-510,-545,-606,-571,-479,-362,-704,-717,-1146,-902,-1499,-1496,-1929,-1350,-6508,-6536,-2571,-1002,-830,-827,-1217,-1166,-29979,-29980,-29980,-29981,-29983,-29984]} 1. e4 c5 2. Nf3 d6 3. d4 cxd4 4. Nxd4 Nf6 5. Nc3 a6 6. Bg5 Nbd7 7. f4 Qc7 8. Qd2 e6 9. O-O-O Be7 10. g4 {B95: Sicilian Najdorf: 6 Bg5 e6, unusual White 7th moves} h6 11. Bxf6 Nxf6 {LiveBook: 3 Games} 12. Kb1 {The position is equal.} (12. Rg1 b5 13. a3 Bb7 14. Bg2 Nd7 15. Ndxb5 axb5 16. Nxb5 Qb6 17. Nxd6+ Bxd6 18. Qxd6 Qxd6 19. Rxd6 {0-1 (37) Solovjov,S (2367)-Khismatullin,D (2681) St Petersburg 2014}) 12... g5 13. f5 e5 14. Nb3 $146 ({Predecessor:} 14. Nf3 b5 15. Nd5 Nxd5 16. Qxd5 Bb7 17. Qd3 h5 {0-1 (36) Brajic,M (2235)-Indjic,A (2432) Novi Sad 2012}) 14... Bd7 15. h4 O-O-O 16. hxg5 hxg5 17. Bg2 Bc6 18. Bf3 Rdg8 19. Qe3 Nd7 20. Rxh8 Rxh8 21. Rh1 Qd8 (21... Rxh1+ $11 {keeps the balance.} 22. Bxh1 Bd8) 22. Rxh8 $16 Qxh8 23. Qg1 (23. Na5 $14) 23... Bd8 24. Nd2 Bb6 25. Qh1 (25. Qd1 $11) 25... Qxh1+ $17 26. Bxh1 Ba5 27. Kc1 Bxc3 28. bxc3 {[%mdl 4096] Endgame KBN-KBN} Kc7 29. c4 Nc5 30. Kb2 Na4+ 31. Kb3 Kb6 32. Bg2 f6 33. Bf3 (33. Kb4 $17) 33... Kc5 $1 $19 {[%cal Rc5d4] Strongly threatening ...Kd4.} 34. c3 Nb6 35. Be2 {[#]} a5 $1 {[%cal Ba6a5,Ba5a4][%mdl 32]} 36. Ka3 (36. Kc2 $142 a4 37. Bd3) 36... a4 37. Kb2 {[#]} Be8 $1 38. Kc2 Bf7 39. a3 $2 (39. Nf1) 39... Bxc4 40. Bf3 Bb5 41. Bd1 Bc6 42. Bf3 $2 (42. Be2 d5 43. exd5 Bxd5 44. Bd3) 42... Nc4 43. Nxc4 Kxc4 {KB-KB} 44. Be2+ Kc5 45. Bf3 d5 46. exd5 Bxd5 47. Be2 Bg2 (47... e4 $142 48. Kc1 Bc4) 48. Kd2 e4 49. Ke3 {[#]} Bf3 $1 {[%mdl 512]} 50. Bxf3 exf3 {Black mates.} 51. Kxf3 Kc4 52. Ke4 b5 {Precision: White = 30%, Black = 75%.} 0-1

[Event "1st Goa GM Open 2018"]
[Site "Taleigao"]
[Date "2018.10.13"]
[Round "1"]
[White "Rathneesh R"]
[Black "Karthik Venkataraman"]
[Result "0-1"]
[WhiteElo "1957"]
[BlackElo "2525"]
[Annotator "TA"]
[PlyCount "82"]
[EventDate "2018.10.13"]
[EventType "swiss"]
[EventCountry "IND"]
[SourceTitle "playchess.com"]
[Source "ChessBase"]
[SourceQuality "1"]

{[%evp 17,82,-18,-20,-61,-52,-68,-66,-47,-72,-53,-45,-53,-38,-38,-47,-168,-168,-152,-158,-198,-177,-173,-177,-205,-185,-278,-265,-270,-255,-246,-194,-184,-181,-323,-306,-320,-276,-301,-306,-279,-233,-624,-622,-773,-765,-762,-468,-468,-468,-414,-470,-456,-451,-1316,-1280,-1160,-992,-893,-807,-3068,-2456,-29984,-29985,-29985,-29980,-29988,-29989]} 1. e4 c5 2. Nc3 d6 3. f4 Nc6 4. Nf3 g6 5. Bc4 Bg7 6. O-O Nf6 7. d3 O-O 8. Qe1 Nd4 9. Bb3 {B23: Closed Sicilian: Lines without g3} (9. Nxd4 cxd4 10. Nd5 Nxd5 11. Bxd5 e6 12. Bb3 a5 13. a4 Bd7 14. Bd2 Kh8 15. Rf2 Qb6 16. Re2 Qc7 17. Qh4 f5 18. Rae1 fxe4 19. Rxe4 {1-0 (44) Robson,R (2596)-Le,Q (2714) Moscow 2012}) 9... a5 {LiveBook: 8 Games} 10. Nxd4 cxd4 11. Nd5 $146 {Black is slightly better.} ({Predecessor:} 11. Ne2 a4 12. Bc4 d5 13. exd5 Nxd5 14. a3 Rb8 15. Ba2 b5 16. Bd2 Bb7 {1-0 (33) Kampman,T (2111)-Von Meijenfeldt,B (2154) Roosendaal 2011}) 11... Nxd5 12. Bxd5 e6 13. Bc4 d5 14. exd5 exd5 15. Bb5 a4 {[%cal Ba5a4,Ba4a3][%mdl 32] Hoping for ...Qb6.} 16. Qb4 ({Better is} 16. b3 $1 $15) 16... Qb6 $1 $19 {Threatens to win with ...Ra5.} 17. b3 {[#]} a3 $1 $36 {[%mdl 2560] Black is really pushing.} 18. Bd2 (18. Bxa3 Rxa3) 18... Rd8 {aiming for ...Bf8.} 19. Ba4 Qc7 20. Be1 {[#]} Bf5 $1 (20... Qxc2 21. Bh4 $15) 21. Bf2 (21. h3 $142) 21... Qxc2 22. Bxd4 Bxd4+ ({Not} 22... Bxd3 23. Rf2 $14) ({Resist} 22... Qxd3 23. Bxg7 Kxg7 24. Rae1 $17) 23. Qxd4 Qxd3 24. Qxd3 Bxd3 25. Rfd1 {[#]} (25. Rf2 $142) 25... Ba6 $1 26. b4 {b5 is the strong threat.} Be2 27. Rd2 Rxa4 28. Rxe2 Rxb4 {[%mdl 4096] Endgame KRR-KRR} 29. g3 $2 (29. Rd1) 29... d4 30. Rd1 Rb2 31. Kf2 Rc8 32. Rdd2 {[#]} d3 $1 33. Rxd3 Rcc2 34. Rxc2 Rxc2+ {KR-KR} 35. Kg1 (35. Ke3 $142 Rxa2 36. Kd4) 35... Rxa2 36. Rb3 Ra1+ 37. Kg2 a2 {Strongly threatening ...Rg1+!} 38. Ra3 b5 {[%cal Bb7b5,Bb5b4,Bb4b3][%mdl 32]} 39. Kh3 b4 {Black mates.} 40. Ra8+ Kg7 41. Kg4 b3 {Precision: White = 37%, Black = 87%.} 0-1

[Event "1st Goa GM Open 2018"]
[Site "Taleigao"]
[Date "2018.10.13"]
[Round "1"]
[White "Bidhar, Rutumbara"]
[Black "Anurag, Mhamal"]
[Result "0-1"]
[WhiteElo "1948"]
[BlackElo "2495"]
[Annotator "TA"]
[PlyCount "66"]
[EventDate "2018.10.13"]
[EventType "swiss"]
[EventCountry "IND"]
[SourceTitle "playchess.com"]
[Source "ChessBase"]
[SourceQuality "1"]

{[%evp 15,66,16,23,-22,-27,-21,-9,-110,-70,-138,-114,-117,-118,-280,-248,-305,-293,-311,-295,-385,-142,-160,-160,-430,-137,-175,-116,-350,-361,-448,-352,-349,-240,-345,-332,-381,-361,-383,-365,-434,-430,-816,-487,-855,-837,-979,-881,-1448,-650,-1257,-1251,-1152,-1151]} 1. e4 e5 2. Nf3 Nc6 3. Bb5 a6 4. Ba4 Nf6 5. O-O Be7 6. Re1 b5 7. Bb3 d6 8. a4 Bg4 {LiveBook: 193 Games. C90: Closed Ruy Lopez with 7...d6: Early deviations} (8... Bd7 9. c3 Na5 10. Bc2 c5 11. d4 Qb8 12. Bg5 Be6 13. Nbd2 O-O 14. Nf1 h6 15. Bh4 cxd4 16. cxd4 {0-1 (39) Yu,Y (2759)-Svidler,P (2753) Shenzhen 2018}) 9. h3 Bxf3 $146 ({Predecessor:} 9... Bh5 10. c3 O-O 11. d3 Na5 12. Bc2 c5 13. Nbd2 b4 14. Nf1 b3 15. Bb1 Qc7 16. g4 Bg6 17. Ng3 h5 18. Nh4 hxg4 19. hxg4 {0-1 (37) McKerracher,D (1897)-Myall,I (2007) Hull 2018}) 10. Qxf3 Nd4 {The position is equal.} 11. Qe3 (11. Qc3 $11 {keeps the balance.}) 11... c5 {[#] And now ...c4 would win.} 12. c4 (12. Na3 $15) 12... bxc4 13. Bd1 O-O 14. Na3 $2 {[#]} (14. d3 $17) 14... d5 $1 $19 15. exd5 Nxd5 (15... Qxd5 16. Qxe5 Rfe8 17. Qxd5 $15) 16. Qg3 Bh4 17. Qxe5 Re8 $2 (17... Nb4 $19 {and Black stays clearly on top.} 18. Rf1 Nd3) 18. Qxe8+ $17 Qxe8 19. Rxe8+ Rxe8 20. Kf1 Nb4 $36 {[%mdl 2048] Hoping for ...Nd3. White is under strong pressure.} 21. g3 $2 (21. d3 $17) 21... Nd3 $19 22. Nc2 Nxc2 23. Bxc2 Re1+ 24. Kg2 Bf6 ({Not} 24... Nxc1 25. gxh4 Nd3 26. Ra3 $15) 25. Bxd3 cxd3 {[%mdl 4096] Endgame KRB-KRB} 26. Rb1 {intending b4.} a5 27. b3 Bd4 {Black is clearly winning.} 28. f4 (28. Kf3 $142 g5 29. Kg2) 28... f5 29. g4 (29. Kh2 $142 Bc3 30. dxc3) 29... g6 {[%cal Bg7g6,Bg6f5][%mdl 32]} 30. Kg3 Rg1+ 31. Kf3 Kf7 (31... h5 $142 32. gxh5 gxh5) 32. gxf5 gxf5 33. h4 Kg6 {Precision: White =  7%, Black = 72%.} 0-1

[Event "1st Goa GM Open 2018"]
[Site "Taleigao"]
[Date "2018.10.13"]
[Round "1"]
[White "Santanu, Borpatra Gohain"]
[Black "Kunte, Abhijit"]
[Result "1/2-1/2"]
[WhiteElo "1947"]
[BlackElo "2484"]
[Annotator "TA"]
[PlyCount "56"]
[EventDate "2018.10.13"]
[EventType "swiss"]
[EventCountry "IND"]
[SourceTitle "playchess.com"]
[Source "ChessBase"]
[SourceQuality "1"]

{[%evp 13,56,37,47,-47,-39,-42,-2,0,44,57,40,42,45,46,45,27,33,11,11,10,15,6,16,13,12,1,11,11,12,11,12,10,11,10,9,10,14,8,33,34,31,17,17,17,20]} 1. Nf3 c5 2. c4 g6 3. e4 Bg7 4. d4 cxd4 5. Nxd4 Nc6 6. Be3 Nf6 7. Nc3 O-O 8. c5 {B38: Sicilian: Maroczy Bind with 5...Bg7 and 7...0-0} ({Better is} 8. Be2 $14) (8. Be2 d6 9. O-O Nxd4 10. Bxd4 Bd7 11. Qd3 Bc6 12. b4 a6 13. Qe3 Qb8 14. f4 b5 15. e5 Ne8 16. c5 dxe5 17. Bxe5 Qb7 18. Bf3 Bxf3 19. Qxf3 Qxf3 20. gxf3 {0-1 (37) Eljanov,P (2703)-Flores,D (2621) Batumi 2018}) 8... d5 9. cxd6 $1 Nxd4 $146 ({Predecessor:} 9... Qxd6 10. Ndb5 Qxd1+ 11. Rxd1 a6 12. Nc7 Rb8 13. a4 Ng4 14. Bb6 f5 15. Bc4+ Kh8 {½-½ (40) Raygrotzki,N (2032)-Bury,T (1803) Germany 2008}) 10. Bxd4 exd6 11. Bc4 a6 12. O-O Re8 13. f3 Be6 14. Bxe6 fxe6 15. e5 dxe5 16. Bxe5 Qxd1 17. Raxd1 Rad8 18. Rfe1 Kf7 19. g4 h6 20. h4 Bf8 21. Bxf6 Kxf6 22. Ne4+ Kf7 23. Kg2 Be7 24. Kg3 Rd5 25. Rc1 Bd6+ 26. Nxd6+ Rxd6 27. Rc7+ Re7 28. Rec1 Red7 {Precision: White = 54%, Black = 69%.} 1/2-1/2

[Event "1st Goa GM Open 2018"]
[Site "Taleigao"]
[Date "2018.10.13"]
[Round "1"]
[White "Tanmay Chopra"]
[Black "Babujian, Levon"]
[Result "0-1"]
[WhiteElo "1943"]
[BlackElo "2456"]
[Annotator "TA"]
[PlyCount "112"]
[EventDate "2018.10.13"]
[EventType "swiss"]
[EventCountry "IND"]
[SourceTitle "playchess.com"]
[Source "ChessBase"]
[SourceQuality "1"]

{[%evp 17,112,26,25,-51,-42,-35,26,34,36,22,27,33,33,0,162,136,147,107,117,117,110,110,127,59,70,71,70,66,107,82,113,70,153,151,141,145,171,167,151,174,287,139,156,166,160,105,123,116,175,168,281,225,224,227,236,239,240,206,183,122,237,25,78,45,100,90,247,72,181,8,80,68,135,48,99,37,136,77,450,203,909,885,1042,47,47,47,82,47,522,510,670,656,650,0,50,0,406]} 1. e4 c5 2. Nf3 d6 3. d4 cxd4 4. Nxd4 Nf6 5. Nc3 a6 6. Bg5 e6 7. f4 Nbd7 8. Qf3 Qc7 9. O-O-O b5 10. f5 {B96: Sicilian Najdorf: 6 Bg5 e6 7 f4, lines other than 7...Qb6 and 7...Be7} (10. a3 $11) (10. Bd3 Bb7 11. Rhe1 Qb6 12. Bxf6 Nxf6 13. f5 b4 14. Nce2 e5 15. Nb3 h5 16. Kb1 Be7 17. Nd2 Rc8 18. Nc4 Rxc4 19. Bxc4 Bxe4 20. Qb3 O-O {½-½ (39) Jakovenko,D (2735)-Gelfand,B (2731) Ashdod 2015}) 10... Ne5 11. Qf4 b4 $146 (11... Be7 $1 $15) ({Predecessor:} 11... Be7 12. Bxf6 Bxf6 13. Bxb5+ axb5 14. Ndxb5 Qc5 15. Nxd6+ Ke7 16. g4 Nc6 17. g5 Bxc3 {0-1 (33) Tokovic,S (2215)-Pajzer,I (2080) Subotica 2012}) 12. Nce2 $11 {White has an edge.} Be7 13. Ng3 $1 h6 14. Bxf6 $1 Bxf6 15. h4 Bd7 $2 (15... Qb6 $11) 16. Nh5 $18 Qd8 17. Nxf6+ Qxf6 18. g4 {[%cal Bg2g4,Bg4g5,Bg5f6][%mdl 32]} Qd8 19. Be2 Qb6 20. Nf3 ({White should try} 20. Rd2 $16) 20... Nxf3 21. Bxf3 e5 22. Qd2 Ke7 23. g5 a5 24. Rhf1 {[%cal Bh1f1,Bf1g1,Bg1g7][%mdl 32]} Bb5 {[#]} (24... hxg5 $14 25. Qxg5+ Kf8) 25. f6+ $1 $16 {[%mdl 512]} gxf6 26. gxf6+ Kd7 27. Rg1 Kc7 28. Rg7 Bc4 (28... Rhf8 $142 29. Kb1 (29. Qxh6 Qf2 $16) 29... Bd7) 29. Bh5 (29. Bg4 $1 $18 {is the precise move to win.}) 29... Rhf8 30. Kb1 Qc6 31. Bg6 (31. Bg4 $142 $1) 31... Be6 32. Qxh6 a4 (32... Qc4 $16 33. b3 Qe2) 33. Qd2 $18 Ra5 (33... Qc5 $142 34. Bh5 a3) 34. Bf5 Bxf5 35. exf5 Rc5 36. Qxb4 Qf3 {[%cal Rf3d1]} 37. Qd2 d5 38. Re1 (38. Rc1 $18) 38... d4 (38... Kd6 $16 39. Qb4 Qxf5) 39. Qh2 $2 (39. Qb4 $18 Kd6 40. Qxa4) 39... Kd6 (39... d3 $11 40. cxd3 Qxd3+ 41. Ka1 a3) 40. Qe2 Qb7 (40... Qxe2 $14 41. Rxe2 Rh8) 41. Rg3 $16 Rb8 $2 {[#]} (41... Qb5 $16) 42. b3 $2 (42. c3 $1 $18 {and the rest is easy.}) 42... Rbc8 {[#]} (42... Qb5 $16 {might work better.}) 43. Rc1 $2 (43. h5 $1 $18) 43... axb3 (43... Qd5 $1 $11 {keeps the balance.}) 44. Rxb3 Qc6 (44... Qd5 $1 $14) 45. Qd2 (45. h5 $16) 45... Qe4 (45... Qa4 $14) 46. Rb6+ (46. h5 $16) 46... Kd7 ({Better is} 46... Kc7 $1 $14 47. Qb4 Qd5) 47. Qb4 (47. h5 $142) 47... R8c7 $2 {[%mdl 8192]} (47... Qxf5 $16 {is a better chance.} 48. Ka1 Qf3) 48. Qb3 (48. Qa4+ $142 R5c6 49. Qb5) 48... Rc4 $2 (48... Qd5 49. h5 Qxb3+ 50. axb3 (50. Rxb3 Kd6 $16) 50... R7c6 51. Rb7+ Rc7 52. Rxc7+ Rxc7) 49. Qb5+ $18 R4c6 50. Rxc6 $2 ({White has to play} 50. h5 $18 Rc8 51. h6) 50... Qxc6 $14 51. Qxc6+ (51. Qxe5 $2 {is a self mate.} Rb7+ 52. Qb5 Rxb5+ 53. Ka1 Qc3#) 51... Kxc6 $18 {KR-KR} 52. Rh1 {And now h5 would win.} Kd5 $2 {[%mdl 8192]} (52... Rb7+ $14 53. Ka1 e4) 53. h5 Rb7+ 54. Kc1 Ra7 {[#]} 55. Kb1 $2 (55. Rh2 $1 $18 {Threatens to win with Kd1.} Ra8 56. h6) 55... Rb7+ $1 $14 56. Kc1 $2 {[%mdl 8192]} (56. Ka1 $14) 56... Ra7 $1 {[%mdl 32768] Precision: White = 33%, Black = 24%. . Loss on Time!?} 0-1

[Event "1st Goa GM Open 2018"]
[Site "Taleigao"]
[Date "2018.10.13"]
[Round "1"]
[White "Niraula, Bhupendra"]
[Black "Vignesh N R"]
[Result "0-1"]
[WhiteElo "1932"]
[BlackElo "2447"]
[Annotator "TA"]
[PlyCount "70"]
[EventDate "2018.10.13"]
[EventType "swiss"]
[EventCountry "IND"]
[SourceTitle "playchess.com"]
[Source "ChessBase"]
[SourceQuality "1"]

{[%evp 18,70,0,-23,-3,-7,-8,-32,-35,-50,-10,-55,-59,-64,-61,-67,-41,-75,-76,-113,-112,-109,-107,-107,-108,-125,-109,-119,-111,-117,-123,-174,-175,-220,-181,-233,-166,-340,-340,-340,-339,-337,-339,-660,-654,-621,-356,-361,-359,-341,-242,-262,29989,1167,1155]} 1. Nf3 d5 2. b3 Nf6 3. Bb2 g6 4. g3 Bg7 5. Bg2 O-O 6. O-O c5 7. e3 {A05: Übergänge in verschiedene Eröffnungen} (7. c4 d4 8. e3 Nc6 9. exd4 cxd4 10. d3 Nd7 11. Re1 a5 12. Nbd2 Nc5 13. Ne4 Nxe4 14. Rxe4 Bf5 15. Re1 Qd7 16. Ba3 Rfe8 {1-0 (70) Caruana,F (2804)-Anand,V (2770) Leuven 2016}) 7... Bg4 8. d4 Nc6 9. Nbd2 Ne4 10. h3 {LiveBook: 16 Partien} Bxf3 11. Nxf3 Rc8 12. a3 $146 ({Vorgänger:} 12. Nd2 cxd4 13. Nxe4 dxe4 14. exd4 Nxd4 15. Bxe4 Qb6 16. Bxd4 Bxd4 17. Rb1 {0-1 (26) Herlufsen,S-Jensson,E Gardaboer 1996}) 12... e6 13. Rb1 Qa5 14. Qd3 b5 15. c4 bxc4 $1 16. bxc4 Qa6 $1 17. Ne1 {Droht cxd5.} cxd4 {Und weiter mit ...Se5 wäre nett.} 18. exd4 {[#]} Na5 $1 19. Bxe4 dxe4 20. Qxe4 {und wenn c5 ginge, stände Weiss gut.} Nxc4 {zielt auf ...Sd2 ab.} 21. Qd3 Qa5 {Droht ...Sd2 und aus.} 22. Bc3 Qxa3 23. Ra1 Qe7 24. Nc2 (24. Nf3 $17) 24... Rfd8 $19 25. Bb4 Qd7 26. Rfc1 {[#]} (26. Qe4 {war einen Versuch wert.}) 26... Ne5 $1 {[%mdl 512]} 27. Qa6 $2 (27. Qe4 Qc6 28. Qxc6 Nxc6 29. Bc5) (27. dxe5 Qxd3) 27... Nf3+ 28. Kg2 Nxd4 29. Nxd4 Bxd4 30. Rd1 $2 (30. Rab1) 30... Qd5+ 31. Kh2 Rc2 32. Be1 Rdc8 33. Rd2 Qc4 34. Qxc4 Rc5 $4 {[%mdl 8192]} (34... R8xc4 $19 35. Rxc2 Rxc2) 35. Qxc2 (35. Qxd4 $142 Rxd2 36. Qxc5 Rd5 37. Qc8+ Kg7 38. Bc3+ Rd4 39. Bxd4+ e5 40. Bxe5+ f6 41. Rxa7+ Kh6 42. Bxf6 g5 43. Qg4 Kg6 44. Qxg5#) 35... Rxc2 {[%mdl 32768] Precision: Weiß = 32%, Schwarz = 67%. . Loss on Time!?} 0-1

[Event "1st Goa GM Open 2018"]
[Site "Taleigao"]
[Date "2018.10.13"]
[Round "1"]
[White "Deota Snehil S"]
[Black "Laxman, R.R."]
[Result "0-1"]
[WhiteElo "1929"]
[BlackElo "2443"]
[Annotator "TA"]
[PlyCount "90"]
[EventDate "2018.10.13"]
[EventType "swiss"]
[EventCountry "IND"]
[SourceTitle "playchess.com"]
[Source "ChessBase"]
[SourceQuality "1"]

{[%evp 20,90,0,0,4,0,2,0,0,3,2,-13,-12,-14,-18,-80,-79,-62,-72,-71,-70,-70,-66,-63,-65,-102,-106,-106,-99,-117,-66,-145,-50,-137,-135,-135,-78,-101,-80,-81,-90,-185,-143,-164,-156,-330,-229,-225,-230,-246,-53,-64,0,0,0,0,0,0,0,-236,-242,-255,-212,-328,1422,0,0,-29995,-296,-29991,29999,-29992,29999]} 1. d4 Nf6 2. c4 e6 3. g3 d5 4. Nf3 Bb4+ 5. Bd2 Be7 6. Bg2 O-O 7. O-O c6 8. Qc2 b6 9. Bf4 Bb7 10. Nbd2 Nh5 {E06: Closed Catalan: Early deviations} 11. Bxb8 {LiveBook: 7 Games} Qxb8 $146 ({Predecessor:} 11... Rxb8 12. cxd5 cxd5 13. Rfc1 Rc8 14. Qd1 Nf6 15. e3 Bd6 16. Bf1 Rxc1 17. Rxc1 Qa8 18. Qa4 {½-½ (39) Nguyen,N (2555)-Dydyshko,V (2550) Turin 2006}) 12. e4 Nf6 {The position is equal.} 13. e5 Nd7 14. cxd5 cxd5 15. Rfe1 Rc8 16. Qb3 Qc7 17. Rac1 (17. Bf1 $11 {keeps the balance.}) 17... Qxc1 $17 18. Rxc1 Rxc1+ 19. Bf1 Ba6 $36 {[%mdl 2048] Black is more active.} 20. Kg2 Bxf1+ 21. Nxf1 a6 22. a4 Rb8 23. Ne3 b5 24. h4 h6 (24... Rc7 $17) 25. g4 (25. a5 $15) 25... g6 (25... Nb6 $17 26. axb5 Nc4 27. Nxc4 Rxc4) 26. h5 ({Better is} 26. Nxd5 $1 $15 exd5 27. e6 fxe6 28. Qe3) 26... g5 $1 27. Ng1 Rcc8 ({Black should try} 27... Rc7 28. axb5 Rxb5) 28. Ne2 Nb6 29. axb5 axb5 30. f4 (30. Qa2 $17) 30... gxf4 $19 31. Nxf4 Nc4 $1 {[%cal Rc4e3] aiming for ...Nxe3+.} 32. Nh3 $2 (32. Nexd5 $17 exd5 33. e6) 32... Nd2 33. Qd3 Ne4 34. g5 hxg5 $2 (34... Bxg5 $19 35. Nxg5 Nxg5) 35. Ng4 b4 (35... Rc1 $15 36. Nhf2 Nxf2 37. Kxf2 Kg7 38. h6+ Kh8) 36. Nhf2 $11 Nxf2 37. Kxf2 Kg7 {...Ra8 is the strong threat.} 38. h6+ Kh8 $1 39. Qf3 $2 (39. Qa6 $11 {and White stays safe.}) 39... Rc2+ $19 40. Kg3 Rf8 $1 41. Nf6 (41. Qb3 {was called for.} Rd2 42. Qa4) 41... Rfc8 $4 {[%mdl 8192] [#]} (41... Rxb2 $19 42. Qf1 g4 $1 {[%mdl 512]}) 42. Nxd5 $2 (42. Qh5 $1 $18 {[%cal Rh5f7]} Bxf6 43. exf6) 42... exd5 $11 43. Qf4 $2 {[%mdl 8192]} (43. Qxf7 $11 Bf8 44. Qf6+ Kg8 45. Qg6+ Kh8 46. Qf6+ Kh7 47. Qf5+ Kh8 48. Qf6+) 43... f6 $2 (43... gxf4+ {mates} 44. Kg4 Rg8+ 45. Kf3 Rgg2 46. Kxf4 Bg5+ 47. Kf5 Rcf2#) 44. Qxf6+ $2 (44. Qf5 $19 R2c6 45. Qg6) 44... Kg8 $4 {[%mdl 8192]} (44... Bxf6 45. exf6 Rxb2 46. Kg4 b3 47. Kf5 Rf2+ 48. Ke6 b2 49. Kd7 {[#]} Rxf6 $1 {[%mdl 512]} 50. Kxc8 b1=Q 51. Kd8 Qb7 52. Ke8 Rf7 53. Kd8 Rf8#) 45. Qxg5+ $4 {[%mdl 8192]} (45. Qg7#) 45... Kh7 $4 {[%mdl 40960] Precision: White = 24%, Black = 48%. . Sensor Board Error (Ke4/e5)?} (45... Bxg5 {and life is good for Black.} 46. b3 Bxh6 47. Kh4 Kh7 48. Kg4 Kg6 49. Kh4 Bg5+ 50. Kg4 R8c3 51. e6 Rg2#) 0-1

[Event "1st Goa GM Open 2018"]
[Site "Taleigao"]
[Date "2018.10.13"]
[Round "1"]
[White "Toshali, V."]
[Black "Vardan Nagpal"]
[Result "0-1"]
[WhiteElo "1928"]
[BlackElo "2433"]
[Annotator "TA"]
[PlyCount "74"]
[EventDate "2018.10.13"]
[EventType "swiss"]
[EventCountry "IND"]
[SourceTitle "playchess.com"]
[Source "ChessBase"]
[SourceQuality "1"]

{[%evp 14,74,7,-24,-18,-26,-19,-24,-33,-35,-33,-30,-44,-36,-44,-42,-31,-24,-26,-49,-43,-44,-54,-69,-35,-81,-48,-62,-36,-34,-35,-26,-29,-33,-38,-39,-9,-73,-29,-84,-73,-97,-73,-97,-97,-89,-85,-419,-412,-407,-383,-848,-845,-742,-527,-1468,-1489,-1200,-1186,-1592,-1543,-29990,-340]} 1. d4 d5 2. Bf4 c5 3. e3 cxd4 4. exd4 Nc6 5. c3 Bf5 (5... Nf6 6. Bd3 Bg4 7. Qb3 Qc8 8. Nd2 e6 9. Ngf3 Bh5 10. O-O Be7 11. Rae1 a6 12. Qc2 Bg6 13. Ne5 Nxd4 14. Qa4+ Nc6 15. Nxg6 hxg6 16. Nf3 b5 17. Qd1 Qd7 18. a4 bxa4 19. Qxa4 {1-0 (84) Nakamura,H (2780)-Topalov,V (2749) Saint Louis 2017}) 6. Qb3 {B13: Caro-Kann: Exchange Variation and Panov-Botvinnik Attack} Qd7 7. Nf3 e6 8. Bb5 {LiveBook: 10 Games. The position is equal.} f6 9. O-O Nge7 10. Nbd2 a6 $146 ({Predecessor:} 10... g5 11. Bg3 h5 12. h4 g4 13. Ne1 {1-0 (26) Libersan,T (2047)-Zhong,K (1925) Quebec 2018}) 11. Bxc6 Nxc6 12. Rfe1 g5 13. Bg3 h5 {[#] And now ...h4 would win.} 14. h4 $1 g4 15. Nh2 Bh6 16. Qd1 O-O 17. Nb3 b6 18. Nc1 Ne7 19. Nf1 Ng6 20. Ne3 Be4 {White must now prevent ...f5.} 21. f3 gxf3 22. gxf3 Bxe3+ 23. Rxe3 Bf5 24. Kh2 Kh8 25. Nd3 (25. Qd2 $11 {remains equal.}) 25... Rg8 {[%cal Bf8g8,Bg8g7,Bg7h7][%mdl 32]} 26. Re2 (26. Qd2 $11) 26... Rg7 27. Qd2 Rag8 28. Qh6+ Rh7 29. Qd2 Qg7 30. Ne1 $2 {[%mdl 8192] [#]} (30. Qe3 $17 {is a better chance.}) 30... Nxh4 $1 $19 {[%mdl 512]} 31. Qf4 (31. Bxh4 Qg1#) 31... Ng6 32. Qd2 $2 (32. Qe3) 32... h4 {[%cal Bh5h4,Bh4h3][%mdl 32]} 33. Bf2 h3 34. Qe3 Nh4 35. Bxh4 Rxh4 36. Qf2 Rh5 {( -> ...Qg2+!)} 37. Nc2 Qg2+ $2 {Precision: White = 28%, Black = 77%.} (37... Qc7+ {mates} 38. f4 Rg2+ 39. Kh1 Be4 40. Rxe4 Rxf2 41. Ne3 dxe4 42. Rf1 Qxf4 43. Rxf2 Qxf2 44. c4 h2 45. Ng4 Qg1#) 0-1